[Event "Saratov-ch"]
[Site "Saratov"]
[Date "2013.03.02"]
[Round "6"]
[White "Petryakova, Natalia"]
[Black "Novikov, Alexander"]
[Result "1-0"]
[WhiteElo "1767"]
[BlackElo "1690"]
[PlyCount "133"]
[EventDate "2013.02.25"]
[EventType "swiss"]
[EventRounds "9"]
[EventCountry "RUS"]
[SourceTitle "CBM 153 Extra"]
[Source "ChessBase"]
[SourceDate "2013.04.22"]
[SourceVersion "1"]
[SourceVersionDate "2013.04.22"]
[SourceQuality "1"]

1. e4 c5 2. Nc3 d6 3. f4 Nc6 4. Nf3 g6 5. d3 Bg7 6. g3 e6 7. Bg2 Nge7 8. 0-0 Bd7 9. Nb5 Qb8 10. c4 a6 11. Nc3 Qc7 12. a3 b6 13. Bd2 f5 14. Re1 h6 15. Nh4 Kf7 16. exf5 Nxf5 17. Nxf5 gxf5 18. Qh5+ Kg8 19. Kh1 Rc8 20. Nd5 exd5 21. Bxd5+ Kh7 22. Bf7 Rhf8 23. Qg6+ Kh8 24. Bc3 Nd4 25. Bd5 Be8 26. Rxe8 Rcxe8 27. b4 Qe7 28. Re1 Qf6 29. Qxe8 Rxe8 30. Rxe8+ Bf8 31. Bxd4 cxd4 32. Kg2 Kg7 33. Rb8 Qg6 34. h3 h5 35. Rb7+ Kf6 36. Rb8 Be7 37. h4 b5 38. cxb5 axb5 39. Rg8 Qh6 40. Kf3 Bf8 41. Kf2 Ke7 42. Rg5 Qh7 43. Bf3 Qf7 44. Bxh5 Qa2+ 45. Kg1 Qb1+ 46. Kf2 Qxd3 47. Bg6 Qxa3 48. Rxf5 Qe3+ 49. Kg2 Bh6 50. Rf7+ Kd8 51. Rf6 Qd2+ 52. Kf3 Qxb4 53. h5 Qc5 54. Bf5 Qd5+ 55. Kg4 Bxf4 56. gxf4 d3 57. Bxd3 Qxd3 58. h6 b4 59. f5 Qe2+ 60. Kg5 Qe7 61. Kg6 b3 62. h7 Qe8+ 63. Kg7 b2 64. Rf8 Qxf8+ 65. Kxf8 b1Q 66. h8Q Qxf5+ 67. Kg7+ 1-0

[Event "Saratov-ch"]
[Site "Saratov"]
[Date "2013.02.27"]
[Round "3"]
[White "Ledenev, Gennadiy"]
[Black "Novikov, Alexander"]
[Result "0-1"]
[WhiteElo "1763"]
[BlackElo "1690"]
[PlyCount "160"]
[EventDate "2013.02.25"]
[EventType "swiss"]
[EventRounds "9"]
[EventCountry "RUS"]
[SourceTitle "CBM 153 Extra"]
[Source "ChessBase"]
[SourceDate "2013.04.22"]
[SourceVersion "1"]
[SourceVersionDate "2013.04.22"]
[SourceQuality "1"]

1. d4 d5 2. c4 e6 3. Nc3 Nf6 4. Bg5 c6 5. e3 h6 6. Bh4 Nbd7 7. Nf3 Be7 8. Bd3 dxc4 9. Bxc4 0-0 10. Rc1 Nb6 11. Bb3 c5 12. 0-0 cxd4 13. Nxd4 Nh7 14. Bg3 Bd6 15. Ncb5 Bxg3 16. hxg3 Bd7 17. Qf3 e5 18. Nc7 Ng5 19. Qh5 exd4 20. Nxa8 Qxa8 21. exd4 Bc6 22. d5 Bxd5 23. Bxd5 Nxd5 24. Rfd1 Nf6 25. Qh4 Rd8 26. Qa4 Rxd1+ 27. Rxd1 Ne6 28. Qa5 b6 29. Qa6 Nc5 30. Qa3 Qb8 31. b4 Ne6 32. b5 Qc7 33. Rc1 Nc5 34. Qf3 Qd7 35. Rd1 Qe7 36. Qf5 Ne6 37. Rc1 Nd4 38. Rc8+ Ne8 39. Qd3 Ne6 40. f3 g6 41. Qe3 Kh7 42. a4 N8c7 43. Kh2 Qd7 44. Rb8 Ne8 45. Qe4 Nd6 46. Qa8 Nc5 47. Rh8+ Kg7 48. Qf8+ Kf6 49. Rxh6 Nxa4 50. Rh4 Nc5 51. Rd4 Ke6 52. Qa8 Qb7 53. Qd8 Qe7 54. Qa8 Qb7 55. Qf8 Qe7 56. Qa8 Nf5 57. Qc6+ Nd6 58. Rd1 Qd7 59. Re1+ Kf6 60. Rd1 Ke7 61. Re1+ Kd8 62. Qa8+ Nc8 63. Ra1 Qb7 64. Rd1+ Kc7 65. Qxb7+ Nxb7 66. g4 Ncd6 67. Rb1 Nd8 68. Kg3 Ne6 69. Rc1+ Kd7 70. Rb1 Nd4 71. f4 N4xb5 72. Kf3 a5 73. Ke3 Kc6 74. Kd3 Nc7 75. Kd4 b5 76. Rc1+ Kb6 77. Ke5 Nde8 78. g5 b4 79. g4 Ne6 80. Rc8 N8c7 0-1

[Event "Saratov-ch"]
[Site "Saratov"]
[Date "2013.02.25"]
[Round "1"]
[White "Upolovnev, Vladimir"]
[Black "Novikov, Alexander"]
[Result "1/2-1/2"]
[WhiteElo "1894"]
[BlackElo "1690"]
[PlyCount "32"]
[EventDate "2013.02.25"]
[EventType "swiss"]
[EventRounds "9"]
[EventCountry "RUS"]
[SourceTitle "CBM 153 Extra"]
[Source "ChessBase"]
[SourceDate "2013.04.22"]
[SourceVersion "1"]
[SourceVersionDate "2013.04.22"]
[SourceQuality "1"]

1. e4 e5 2. Nf3 Nf6 3. d4 Nxe4 4. Nxe5 Be7 5. Bd3 Nf6 6. 0-0 d6 7. Nf3 h6 8. c4 d5 9. Nc3 Be6 10. Qb3 b6 11. Bf4 c6 12. Rad1 0-0 13. Ne5 dxc4 14. Bxc4 Nd5 15. Bc1 b5 16. Bxd5 Bxd5 1/2-1/2

[Event "Samara-ch"]
[Site "Samara"]
[Date "2009.04.14"]
[Round "3"]
[White "Novikov, Alexander"]
[Black "Lugovoy, Semen"]
[Result "0-1"]
[WhiteElo "1690"]
[BlackElo "1854"]
[PlyCount "62"]
[EventDate "2009.04.07"]
[EventType "swiss"]
[EventRounds "9"]
[EventCountry "RUS"]
[SourceTitle "EXT 2012"]
[Source "ChessBase"]
[SourceDate "2011.11.24"]
[SourceVersion "1"]
[SourceVersionDate "2011.11.24"]
[SourceQuality "1"]

1. e4 e5 2. Nf3 Nf6 3. Bc4 Nxe4 4. 0-0 d5 5. Bb3 Be7 6. Nxe5 0-0 7. d4 c6 8. f4 Nd7 9. Nd2 Nxd2 10. Bxd2 Nf6 11. c3 Ne4 12. Bc2 f5 13. Bb3 Bd6 14. c4 Be6 15. c5 Bxe5 16. dxe5 Nxc5 17. Bc2 Ne4 18. Qe1 Qe7 19. b4 b6 20. Rc1 c5 21. bxc5 bxc5 22. Ba5 Rab8 23. Bxe4 fxe4 24. Qe3 Rb5 25. Bd2 Rb2 26. a3 d4 27. Qe1 e3 28. Ba5 Bd5 29. Rf3 Bxf3 30. gxf3 Rxf4 31. Qg3 Qxe5 0-1

[Event "Samara-ch"]
[Site "Samara"]
[Date "2009.04.07"]
[Round "1"]
[White "Solomin, Maxim"]
[Black "Novikov, Alexander"]
[Result "1-0"]
[WhiteElo "1762"]
[BlackElo "1690"]
[PlyCount "68"]
[EventDate "2009.04.07"]
[EventType "swiss"]
[EventRounds "9"]
[EventCountry "RUS"]
[SourceTitle "EXT 2012"]
[Source "ChessBase"]
[SourceDate "2011.11.24"]
[SourceVersion "1"]
[SourceVersionDate "2011.11.24"]
[SourceQuality "1"]

1. d4 d5 2. c4 dxc4 3. Nf3 e6 4. e4 Be7 5. Bxc4 Nf6 6. Nc3 0-0 7. 0-0 a6 8. a4 c6 9. Bg5 Nbd7 10. Qe2 h6 11. Bh4 Nh7 12. Bg3 Nb6 13. Bb3 Kh8 14. Rad1 Nd7 15. Rfe1 b5 16. d5 Nc5 17. Bc2 b4 18. Nb1 cxd5 19. exd5 f5 20. Ne5 Qe8 21. d6 Bf6 22. Qc4 Nd7 23. f4 Nxe5 24. fxe5 Bg5 25. Qxb4 Bd7 26. Nd2 Rb8 27. Qa3 a5 28. Nc4 f4 29. Qd3 g6 30. Bf2 h5 31. Nb6 Rf5 32. Qc4 Bd8 33. Nxd7 Qxd7 34. Bxf5 gxf5 1-0